<?xml version="1.0" encoding="UTF-8"?>
<record
    xmlns:xsi="http://www.w3.org/2001/XMLSchema-instance"
    xsi:schemaLocation="http://www.loc.gov/MARC21/slim http://www.loc.gov/standards/marcxml/schema/MARC21slim.xsd"
    xmlns="http://www.loc.gov/MARC21/slim">

  <leader>01932nam a22002897a 4500</leader>
  <controlfield tag="001">1333</controlfield>
  <controlfield tag="005">20230817110022.0</controlfield>
  <controlfield tag="008">230817b        cb ||||| |||| 00| 0 khr d</controlfield>
  <datafield tag="020" ind1=" " ind2=" ">
    <subfield code="a">9789996305481</subfield>
  </datafield>
  <datafield tag="040" ind1=" " ind2=" ">
    <subfield code="a">FISKH </subfield>
    <subfield code="b">eng</subfield>
    <subfield code="c">FISKH </subfield>
    <subfield code="d">FISKH </subfield>
  </datafield>
  <datafield tag="082" ind1=" " ind2=" ">
    <subfield code="a">398.2454</subfield>
  </datafield>
  <datafield tag="100" ind1=" " ind2=" ">
    <subfield code="a">Sarith, Huot </subfield>
  </datafield>
  <datafield tag="245" ind1=" " ind2=" ">
    <subfield code="a">&#x1780;&#x17BC;&#x1793;&#x1793;&#x17B6;&#x1782;&#x1781;&#x17D2;&#x1798;&#x17C5; / </subfield>
    <subfield code="c">&#x1793;&#x17B7;&#x1796;&#x1793;&#x17D2;&#x1792;&#x178A;&#x17C4;&#x1799; &#x17A0;&#x17BD;&#x178F; &#x179F;&#x17B6;&#x179A;&#x17B7;&#x1791;&#x17D2;&#x1792; - &#x1782;&#x17BC;&#x179A;&#x179A;&#x17BC;&#x1794;&#x178A;&#x17C4;&#x1799; &#x17A2;&#x17CA;&#x17BB;&#x1780;&#x179A;&#x178A;&#x17D2;&#x178B;&#x17B6; </subfield>
  </datafield>
  <datafield tag="250" ind1=" " ind2=" ">
    <subfield code="a">&#x1794;&#x17C4;&#x17C7;&#x1796;&#x17BB;&#x1798;&#x17D2;&#x1796;&#x179B;&#x17BE;&#x1780;&#x1791;&#x17B8;&#x17E6; &#x1781;&#x17C2;&#x179C;&#x17B7;&#x1785;&#x17D2;&#x1786;&#x17B7;&#x1780;&#x17B6;&#x200B; &#x1786;&#x17D2;&#x1793;&#x17B6;&#x17C6;&#x200B;&#x17E2;&#x17E0;&#x17E2;&#x17E1; </subfield>
  </datafield>
  <datafield tag="260" ind1=" " ind2=" ">
    <subfield code="a">Phnom Penh : </subfield>
    <subfield code="b">Sipar, </subfield>
    <subfield code="c">2021. </subfield>
  </datafield>
  <datafield tag="300" ind1=" " ind2=" ">
    <subfield code="a">36 pages : </subfield>
    <subfield code="b">color illustrations ; </subfield>
    <subfield code="c">24 cm </subfield>
  </datafield>
  <datafield tag="490" ind1=" " ind2=" ">
    <subfield code="a">&#x1781;&#x17D2;&#x1789;&#x17BB;&#x17C6;&#x1785;&#x1784;&#x17CB;&#x17A2;&#x17B6;&#x1793; </subfield>
  </datafield>
  <datafield tag="505" ind1=" " ind2=" ">
    <subfield code="a">P 
</subfield>
  </datafield>
  <datafield tag="520" ind1=" " ind2=" ">
    <subfield code="a">&#x1780;&#x17BC;&#x1793;&#x1793;&#x17B6;&#x1782;&#x1781;&#x17D2;&#x1798;&#x17C5;&#x1785;&#x17BC;&#x179B;&#x1785;&#x17B7;&#x178F;&#x17D2;&#x178F;&#x17A0;&#x17C4;&#x17C7;&#x179B;&#x17BF;&#x1793; &#x17A0;&#x17BE;&#x1799;&#x178F;&#x17C2;&#x1784;&#x178F;&#x17C2;&#x1792;&#x17D2;&#x179C;&#x17BE;&#x17B3;&#x17D2;&#x1799;&#x1798;&#x17D2;&#x178A;&#x17B6;&#x1799;&#x1793;&#x17B6;&#x1782;&#x1794;&#x17B6;&#x1798;&#x17D2;&#x1797;&#x1787;&#x17B6;&#x1793;&#x17B7;&#x1785;&#x17D2;&#x1785;&#x17D4; &#x1790;&#x17D2;&#x1784;&#x17C3;&#x1798;&#x17BD;&#x1799; &#x1796;&#x17C1;&#x179B;&#x178A;&#x17C2;&#x179B;&#x1798;&#x17D2;&#x178A;&#x17B6;&#x1799;&#x1785;&#x17C1;&#x1789;&#x1791;&#x17C5;&#x179A;&#x1780;&#x1780;&#x17BC;&#x1793; &#x1782;&#x17B6;&#x178F;&#x17CB;&#x1780;&#x17CF;&#x178F;&#x17D2;&#x179A;&#x17BC;&#x179C;&#x1796;&#x17BD;&#x1780;&#x1785;&#x17C4;&#x179A;&#x1785;&#x17B6;&#x1794;&#x17CB;&#x1794;&#x17B6;&#x1793;&#x17D4; &#x1780;&#x17BC;&#x1793;&#x1793;&#x17B6;&#x1782;&#x1781;&#x17D2;&#x1798;&#x17C5;&#x1785;&#x1784;&#x17CB;&#x1787;&#x17BD;&#x1799;&#x1798;&#x17D2;&#x178A;&#x17B6;&#x1799; &#x17A0;&#x17BE;&#x1799;&#x179C;&#x17B6;&#x200B;&#x1780;&#x17CF;&#x1794;&#x17B6;&#x1793;&#x1787;&#x17BD;&#x1794;&#x179C;&#x17B7;&#x1797;&#x17BC;&#x179A;&#x17B8; &#x178A;&#x17C2;&#x179B;&#x1787;&#x17B6;&#x1780;&#x17BC;&#x1793;&#x179F;&#x17D2;&#x178A;&#x17C1;&#x1785;&#x1798;&#x17D2;&#x1793;&#x17B6;&#x1780;&#x17CB; &#x1793;&#x17B7;&#x1784;&#x1787;&#x17B6;&#x1785;&#x17C6;&#x178E;&#x17B6;&#x1794;&#x17CB;&#x1781;&#x17D2;&#x1798;&#x17B6;&#x17C6;&#x1784;&#x178A;&#x17C2;&#x179A;&#x17D4; </subfield>
  </datafield>
  <datafield tag="520" ind1=" " ind2=" ">
    <subfield code="a">The baby black dragon loves to fly fast and always worries the mother. One day, when his mother went out to look for him, she was caught by thieves. The baby black dragon wanted to help his mother, then he met Viphuri, the daughter of a king and a hostage.</subfield>
  </datafield>
  <datafield tag="521" ind1=" " ind2=" ">
    <subfield code="a">650  
</subfield>
    <subfield code="b">Lexile estimate
</subfield>
  </datafield>
  <datafield tag="521" ind1=" " ind2=" ">
    <subfield code="a">P
</subfield>
    <subfield code="b">Raz-Plus 
</subfield>
  </datafield>
  <datafield tag="650" ind1=" " ind2=" ">
    <subfield code="a">&#x179B;&#x17BF;&#x1793; </subfield>
    <subfield code="v">&#x179F;&#x17D2;&#x179C;&#x17C2;&#x1784;&#x179A;&#x1780; </subfield>
    <subfield code="x">&#x1787;&#x17B6;&#x1794;&#x17CB;&#x1781;&#x17D2;&#x179B;&#x17BD;&#x1793; </subfield>
    <subfield code="y">&#x179F;&#x17D2;&#x178A;&#x17C1;&#x1785; </subfield>
  </datafield>
  <datafield tag="650" ind1=" " ind2=" ">
    <subfield code="a">Fast </subfield>
    <subfield code="v">Looking for </subfield>
    <subfield code="x">Caught </subfield>
    <subfield code="y">King </subfield>
  </datafield>
  <datafield tag="700" ind1=" " ind2=" ">
    <subfield code="a">Rotha, Ouk </subfield>
    <subfield code="c">illustrator </subfield>
  </datafield>
  <datafield tag="942" ind1=" " ind2=" ">
    <subfield code="2">ddc</subfield>
    <subfield code="c">BK</subfield>
    <subfield code="n">0</subfield>
  </datafield>
  <datafield tag="999" ind1=" " ind2=" ">
    <subfield code="c">1333</subfield>
    <subfield code="d">1333</subfield>
  </datafield>
  <datafield tag="952" ind1=" " ind2=" ">
    <subfield code="0">0</subfield>
    <subfield code="1">0</subfield>
    <subfield code="2">ddc</subfield>
    <subfield code="4">0</subfield>
    <subfield code="7">0</subfield>
    <subfield code="8">KH</subfield>
    <subfield code="a">001</subfield>
    <subfield code="b">001</subfield>
    <subfield code="c">KHRS</subfield>
    <subfield code="d">2023-08-17</subfield>
    <subfield code="l">0</subfield>
    <subfield code="o">SAR 398.2454</subfield>
    <subfield code="p">2023-0279</subfield>
    <subfield code="r">2023-08-17 11:00:08</subfield>
    <subfield code="t">1</subfield>
    <subfield code="w">2023-08-17</subfield>
    <subfield code="y">KHB</subfield>
  </datafield>
  <datafield tag="952" ind1=" " ind2=" ">
    <subfield code="0">0</subfield>
    <subfield code="1">0</subfield>
    <subfield code="2">ddc</subfield>
    <subfield code="4">0</subfield>
    <subfield code="7">0</subfield>
    <subfield code="8">KH</subfield>
    <subfield code="a">001</subfield>
    <subfield code="b">001</subfield>
    <subfield code="c">KHRS</subfield>
    <subfield code="d">2023-08-17</subfield>
    <subfield code="l">0</subfield>
    <subfield code="o">SAR 398.2454</subfield>
    <subfield code="p">2023-0280</subfield>
    <subfield code="r">2023-08-17 11:00:19</subfield>
    <subfield code="t">2</subfield>
    <subfield code="w">2023-08-17</subfield>
    <subfield code="y">KHB</subfield>
  </datafield>
  <datafield tag="952" ind1=" " ind2=" ">
    <subfield code="0">0</subfield>
    <subfield code="1">0</subfield>
    <subfield code="2">ddc</subfield>
    <subfield code="4">0</subfield>
    <subfield code="7">0</subfield>
    <subfield code="8">KH</subfield>
    <subfield code="a">001</subfield>
    <subfield code="b">001</subfield>
    <subfield code="c">OKHR</subfield>
    <subfield code="d">2024-06-27</subfield>
    <subfield code="l">0</subfield>
    <subfield code="o">SAR 398.2454</subfield>
    <subfield code="p">FISTKG3A010</subfield>
    <subfield code="r">2024-06-27 09:35:36</subfield>
    <subfield code="t">3</subfield>
    <subfield code="w">2024-06-27</subfield>
    <subfield code="y">KHB</subfield>
  </datafield>
  <datafield tag="952" ind1=" " ind2=" ">
    <subfield code="0">0</subfield>
    <subfield code="1">0</subfield>
    <subfield code="2">ddc</subfield>
    <subfield code="4">0</subfield>
    <subfield code="7">0</subfield>
    <subfield code="8">KH</subfield>
    <subfield code="a">001</subfield>
    <subfield code="b">001</subfield>
    <subfield code="c">OKHR</subfield>
    <subfield code="d">2024-07-08</subfield>
    <subfield code="l">0</subfield>
    <subfield code="o">SAR 398.2454</subfield>
    <subfield code="p">FISTKG3B007</subfield>
    <subfield code="r">2024-07-08 10:57:19</subfield>
    <subfield code="t">4</subfield>
    <subfield code="w">2024-07-08</subfield>
    <subfield code="y">KHB</subfield>
  </datafield>
  <datafield tag="952" ind1=" " ind2=" ">
    <subfield code="0">0</subfield>
    <subfield code="1">0</subfield>
    <subfield code="2">ddc</subfield>
    <subfield code="4">0</subfield>
    <subfield code="7">0</subfield>
    <subfield code="8">KH</subfield>
    <subfield code="a">002</subfield>
    <subfield code="b">002</subfield>
    <subfield code="c">TTP Khmer</subfield>
    <subfield code="d">2025-08-21</subfield>
    <subfield code="l">0</subfield>
    <subfield code="o">SAR 398.2454</subfield>
    <subfield code="p">2025-4174</subfield>
    <subfield code="r">2025-08-21 12:31:34</subfield>
    <subfield code="t">5</subfield>
    <subfield code="w">2025-08-21</subfield>
    <subfield code="y">KHB</subfield>
  </datafield>
  <datafield tag="952" ind1=" " ind2=" ">
    <subfield code="0">0</subfield>
    <subfield code="1">0</subfield>
    <subfield code="2">ddc</subfield>
    <subfield code="4">0</subfield>
    <subfield code="7">0</subfield>
    <subfield code="8">KH</subfield>
    <subfield code="a">002</subfield>
    <subfield code="b">002</subfield>
    <subfield code="c">TTP Khmer</subfield>
    <subfield code="d">2025-08-21</subfield>
    <subfield code="l">0</subfield>
    <subfield code="o">SAR 398.2454</subfield>
    <subfield code="p">2025-4178</subfield>
    <subfield code="r">2025-08-21 12:35:56</subfield>
    <subfield code="t">6</subfield>
    <subfield code="w">2025-08-21</subfield>
    <subfield code="y">KHB</subfield>
  </datafield>
  <datafield tag="952" ind1=" " ind2=" ">
    <subfield code="0">0</subfield>
    <subfield code="1">0</subfield>
    <subfield code="2">ddc</subfield>
    <subfield code="4">0</subfield>
    <subfield code="7">0</subfield>
    <subfield code="8">KH</subfield>
    <subfield code="a">002</subfield>
    <subfield code="b">002</subfield>
    <subfield code="c">TTP Khmer</subfield>
    <subfield code="d">2025-10-09</subfield>
    <subfield code="l">2</subfield>
    <subfield code="o">SAR 398.2454</subfield>
    <subfield code="p">FISBK03700</subfield>
    <subfield code="r">2026-03-11 14:30:54</subfield>
    <subfield code="s">2026-03-11</subfield>
    <subfield code="t">7</subfield>
    <subfield code="w">2025-10-09</subfield>
    <subfield code="y">KHB</subfield>
  </datafield>
  <datafield tag="952" ind1=" " ind2=" ">
    <subfield code="0">0</subfield>
    <subfield code="1">0</subfield>
    <subfield code="2">ddc</subfield>
    <subfield code="4">0</subfield>
    <subfield code="7">0</subfield>
    <subfield code="8">KH</subfield>
    <subfield code="a">002</subfield>
    <subfield code="b">002</subfield>
    <subfield code="c">TTP Khmer</subfield>
    <subfield code="d">2025-11-27</subfield>
    <subfield code="l">0</subfield>
    <subfield code="o">SAR 398.2454</subfield>
    <subfield code="p">2025-4919</subfield>
    <subfield code="r">2025-11-27 09:42:48</subfield>
    <subfield code="t">8</subfield>
    <subfield code="w">2025-11-27</subfield>
    <subfield code="y">KHB</subfield>
  </datafield>
</record>
